Consumer behavior : (Record no. 27184)

MARC details
000 -LEADER
fixed length control field 00907cam a22003015a 4500
001 - CONTROL NUMBER
control field 018312967
003 - CONTROL NUMBER IDENTIFIER
control field EG-ScBUE
005 - DATE AND TIME OF LATEST TRANSACTION
control field 20190221112928.0
008 - FIXED-LENGTH DATA ELEMENTS--GENERAL INFORMATION
fixed length control field 170412t2018 enka frb 001 0 eng d
015 ## - NATIONAL BIBLIOGRAPHY NUMBER
National bibliography number GBB771580
Source bnb
016 7# - NATIONAL BIBLIOGRAPHIC AGENCY CONTROL NUMBER
Record control number 018312967
Source Uk
020 ## - INTERNATIONAL STANDARD BOOK NUMBER
International Standard Book Number 9781292153100 (pbk.)
020 ## - INTERNATIONAL STANDARD BOOK NUMBER
International Standard Book Number 1292153105 (pbk.)
040 ## - CATALOGING SOURCE
Original cataloging agency StDuBDS
Language of cataloging eng
Transcribing agency StDuBDS
Modifying agency EG-ScBUE
082 04 - DEWEY DECIMAL CLASSIFICATION NUMBER
Classification number 658.8342
Item number SOL
Edition number 22
100 1# - MAIN ENTRY--PERSONAL NAME
Personal name Solomon, Michael R.
245 10 - TITLE STATEMENT
Title Consumer behavior :
Remainder of title buying, having, and being /
Statement of responsibility, etc Michael R. Solomon.
250 ## - EDITION STATEMENT
Edition statement 12th ed., Global ed.
260 ## - PUBLICATION, DISTRIBUTION, ETC. (IMPRINT)
Place of publication, distribution, etc Harlow :
Name of publisher, distributor, etc Pearson Education,
Date of publication, distribution, etc c.2018.
300 ## - PHYSICAL DESCRIPTION
Extent 623 p. :
Other physical details ill. (col.) ;
Dimensions 28 cm.
504 ## - BIBLIOGRAPHY, ETC. NOTE
Bibliography, etc Includes bibliographical references and index.
650 #7 - SUBJECT ADDED ENTRY--TOPICAL TERM
Topical term or geographic name as entry element Consumer behavior.
Source of heading or term BUEsh
650 #7 - SUBJECT ADDED ENTRY--TOPICAL TERM
Topical term or geographic name as entry element Market surveys.
Source of heading or term BUEsh
651 ## - SUBJECT ADDED ENTRY--GEOGRAPHIC NAME
Source of heading or term BUEsh
653 ## - INDEX TERM--UNCONTROLLED
Resource For college BAEPS, Business Administration
Arrived date list February2019
655 ## - INDEX TERM--GENRE/FORM
Form subdivision Reading book
942 ## - ADDED ENTRY ELEMENTS (KOHA)
Source of classification or shelving scheme Dewey Decimal Classification
Holdings
Withdrawn status Item status Source of classification or shelving scheme Damaged status Not for loan Vendor Home library Current library Shelving location Date acquired Source of acquisition Cost, normal purchase price Total Checkouts Full call number Barcode Date last seen Cost, replacement price Koha item type Total Renewals Date last borrowed
    Dewey Decimal Classification     Baccah Central Library Central Library First floor 21/02/2019 Purchase 550.00   658.8342 SOL 000044293 15/07/2025 687.50 NB - Book (Non borrowing)    
    Dewey Decimal Classification     Baccah Central Library Central Library First floor 21/02/2019 Purchase 550.00 4 658.8342 SOL 000044294 27/11/2025 687.50 Book - Borrowing 9 27/11/2025
    Dewey Decimal Classification     Baccah Central Library Central Library First floor 21/02/2019 Purchase 550.00 4 658.8342 SOL 000044295 15/07/2025 687.50 Book - Borrowing 9 11/05/2023